Logo BPK

Biblioteka

Politechniki Koszalińskiej

Pribory i metody dlja opticeskogo issledowanija kristallov / (Rekord nr 15391)

Szczegóły MARC
000 -ETYKIETA REKORDU
podpole kontrolne o stałej długości 00531nam a2200181 i 4500
001 - NUMER KONTROLNY REKORDU
pole kontrolne bg
040 ## - ŹRÓDŁO KATALOGOWANIA
Instytucja, która utworzyła rekord BPK
041 ## - KOD JĘZYKA
Kod języka tekstu pol
080 ## - UNIWERSALNA KLASYFIKACJA DZIESIĘTNA - UKD
UKD 548.0
008 - POLE O STAŁEJ DŁUGOŚCI - DANE KONTROLNE
podpole kontrolne o stałej długości s pl f |000 0 pol
100 1# - NAZWA OSOBOWA
Nazwa osobowa GRUM-GRŻIMAJLO, S. V.
245 #0 - TYTUŁ/ODPOWIEDZIALNOŚĆ
Tytuł Pribory i metody dlja opticeskogo issledowanija kristallov /
Pozostałe elementy strefy tytułu i oznaczenia odpowiedzialności S. V. Grum-Grżimajlo.
260 ## - STREFA ADRESU WYDAWNICZEGO
Miejsce wydania Moskva :
Nazwa wydawcy/dystrybutora Izdat. "Nauka",
Data publikacji, dystrybucji/powstania dokumentu 1973.
300 ## - STREFA OPISU FIZYCZNEGO
Objętość s. 126, nlb. 2 :
Inne cechy fizyczne rys., ilustr., tab., tabl.
500 ## - UWAGI OGÓLNE
Tekst uwagi [Alf. ros.].
504 ## - UWAGA DOTYCZĄCA BIBLIOGRAFII
Informacje o bibliografii [Zawiera bibliogr. s. 123-125].
856 ## - LOKALIZACJA I DOSTĘP DO ELEKTRONICZNYCH DOKUMENTÓW ZDALNYCH
Link (URL) http://koha.tu.koszalin.pl/cgi-bin/koha/opac-detail.pl?biblionumber=15391
Tekst linku Katalog online BPK
942 ## - DODATKOWE ELEMENTY (KOHA)
Typ dokumentu Książka
Egzemplarze
Wycofany Status egzemplarza Uszkodzony Dostępność Lokalizacja stała Lokalizacja bieżąca Miejsce przechowywania Sygnatura Kod kreskowy Typ dokumentu
      Dostępny Biblioteka Politechniki Koszalińskiej Biblioteka Politechniki Koszalińskiej Wypożyczalnia BG 16024 01733518 Książka
© 2023 Biblioteka Politechniki Koszalińskiej :: KOHA